| 000 | 00611nam a2200205 u 4500 | ||
|---|---|---|---|
| 005 | 20240529063632.0 | ||
| 008 | 100524s1999 mx r 000 0 spa d | ||
| 020 | _a9580445273 | ||
| 035 | _aUPN01000176089 | ||
| 049 | _aI | ||
| 050 | 4 |
_aPQ9698.24 N9.6 _bC8.3 |
|
| 100 | 1 |
_aNunes, Lygia Bojunga, _d1932- _929721 |
|
| 245 | 1 | 0 |
_aCuerda floja / _cLygia Bojunga ; tr. Elkin Obregón. |
| 260 |
_aMéxico : _bNorma, _c1999. |
||
| 300 |
_a174 p. : _bil. |
||
| 440 | 0 |
_aTorre de papel. _pAzul |
|
| 650 | 4 |
_aCUENTOS INFANTILES BRASILEÑOS _912222 |
|
| 650 | 4 |
_aCirco _vLiteratura infantil _921760 |
|
| 905 | _aInfantil | ||
| 999 |
_c148192 _d148192 |
||